[Event "Adygea rapid op"]
[Site "Maikop"]
[Date "2019.05.02"]
[Round "1"]
[White "Gadaborshev, Timur"]
[Black "Lobanov, Roman"]
[Result "1-0"]
[WhiteElo "2026"]
[BlackElo "1373"]
[PlyCount "33"]
[EventDate "2019.05.02"]
[EventType "swiss (rapid)"]
[EventRounds "9"]
[EventCountry "RUS"]
[SourceTitle "CBM 190 Extra"]
[Source "ChessBase"]
[SourceDate "2019.07.15"]
[SourceVersion "1"]
[SourceVersionDate "2019.07.15"]
[SourceQuality "1"]

1. d4 Nf6 2. Nc3 d5 3. Bg5 e6 4. e4 Be7 5. e5 Nfd7 6. h4 Bxg5 7. hxg5 Qxg5 8. Nh3 Qh6 9. g3 c5 10. Nb5 Kd8 11. Bg2 a6 12. Nd6 Rf8 13. Qf3 f6 14. Nf4 Qg5 15. Nxe6+ Ke7 16. Nxg5 fxg5 17. Nxc8+ 1-0